| 000 | 00597nam a2200193Ia 4500 | ||
|---|---|---|---|
| 008 | 200601s9999 xx 000 0 und d | ||
| 020 | _a971-08-0713-7 | ||
| 050 | _aREF PL 6057 | ||
| 050 | _b.E54 2004 | ||
| 245 | 3 | _aAn English-Tagalog and Tagalog-English dictionary / | |
| 245 | 0 | _ccompiled and enlarged by Maria Odulio De Guzman / | |
| 260 | _aMandaluyong City : | ||
| 260 | _bNational Bookstore | ||
| 260 | _c2004 | ||
| 300 | _a678 pages : | ||
| 300 | _c18 cm. | ||
| 650 | _aEnglish language -- Dictionaries -- Filipino. | ||
| 650 | _xPhilippine languages -- Dictionaries -- English. | ||
| 999 |
_c363407 _d363407 |
||